00291pam a2200133 a 4500020000500000041000500005082001300010100001400023245004600037250001100083260003900094300000800133700001600141 c h a920bJAD aJadhav, J aAbhyasoni Prakat VhavehTextual Documents a1st ed aAkalujbSpandan Publicationsc2009 a137 aBhalerao, A